000 00771nam a2200241Ia 4500
003 OSt
005 20220923224337.0
006 a|||||r|||| 00| 0
007 ta
008 Pun
024 _a231,479
037 _cTextual
040 _aARTS
_cARTS
_bPun
041 _2Pun
_aPun
082 _aO1530g Q6, M7
100 _aਪਰਮਿੰਦਰ ਸਿੰਘ
_9156275
245 0 _aਈਸਾਈ ਮਿFਨਰੀਆਂ ਦਾ ਪੰਜਾਬੀ ਸਾਹਿੱਤ ਨੂੰ ਯੋਗਦਾਨ
260 _aਲੁਧਿਆਣਾ
_b ਲਾਹੌਰ ਬੁਕ Fਾਪ
_c1987
300 _a140ਪੰ
_ccm.
650 _aਪੰਜਾਬੀ ਸਾਹਿਤ
942 _hO1530g Q6, M7
_cTEXL
_2CC
999 _c370828
_d370828